Типовые тесты по русскому языку как иностранному: Базовый уровень. Общее владение. Варианты

Detalles Bibliográficos
Outros autores: Антонова В. Е., Нахабина М. М., Толстых А. А., Курлова И. В.
Summary:Типовые тесты могут использоваться при подготовке к экзаменам на сертификат соответствующего уровня. Предназначены для учащихся всех форм обучения, преподавателей, авторов учебных пособий, администрации учебных центров и языковых школ, специалистов в области международного образования.
Idioma:ruso
Publicado: Санкт-Петербург, Златоуст, 2012
Edición:2-е изд.
Series:Российская государственная система тестирования граждан зарубежных стран по русскому языку
Subjects:
Formato: Libro
KOHA link:https://koha.lib.tpu.ru/cgi-bin/koha/opac-detail.pl?biblionumber=229283

MARC

LEADER 00000nam0a2200000 4500
001 229283
005 20231101230930.0
010 |a 9785865475354 
035 |a (RuTPU)RU\TPU\book\249882 
035 |a RU\TPU\book\249856 
090 |a 229283 
100 |a 20130110d2012 m y0rusy50 ca 
101 0 |a rus 
102 |a RU 
105 |a y j 000zy 
200 1 |a Типовые тесты по русскому языку как иностранному  |e Базовый уровень. Общее владение. Варианты  |f В. Е. Антонова [и др.] 
205 |a 2-е изд. 
210 |a Санкт-Петербург  |c Златоуст  |d 2012 
215 |a 124 с.  |e CD-ROM 
225 1 |a Российская государственная система тестирования граждан зарубежных стран по русскому языку 
330 |a Типовые тесты могут использоваться при подготовке к экзаменам на сертификат соответствующего уровня. Предназначены для учащихся всех форм обучения, преподавателей, авторов учебных пособий, администрации учебных центров и языковых школ, специалистов в области международного образования. 
606 1 |a Русский язык  |x Для других народов  |x Учебные руководства и пособия  |2 stltpush  |3 (RuTPU)RU\TPU\subj\26400  |9 50340 
610 1 |a лексика 
610 1 |a грамматика 
610 1 |a аудирование 
610 1 |a чтение 
610 1 |a письмо 
610 1 |a разговорная речь 
610 1 |a тестирование 
610 1 |a тесты 
610 1 |a CD-ROM 
686 |a Ш141.2-96  |v LBC/SL-A  |2 rubbk 
701 1 |a Антонова  |b В. Е. 
701 1 |a Нахабина  |b М. М. 
701 1 |a Толстых  |b А. А. 
701 1 |a Курлова  |b И. В. 
801 1 |a RU  |b 63413507  |c 20130110 
801 2 |a RU  |b 63413507  |c 20170626  |g RCR 
942 |c BK 
959 |a 107/20150901  |d 10  |e 0